[Event "Buenos Aires Ramos Memorial"]
[Site "Buenos Aires"]
[Date "2024.03.29"]
[Round "1"]
[White "Rojo Lynch, Candela"]
[Black "Rojo Lynch, Enrique"]
[Result "1/2-1/2"]
[WhiteElo "1524"]
[BlackElo "1864"]
[PlyCount "24"]
[EventDate "2024.03.29"]
[EventType "swiss"]
[EventRounds "6"]
[EventCountry "ARG"]
[SourceTitle "CB14_2024"]
[SourceDate "2024.04.01"]
[SourceVersion "1"]
[SourceVersionDate "2024.04.01"]
[SourceQuality "1"]

1. e4 e5 2. Nc3 Nf6 3. Bc4 Nxe4 4. Nf3 Nc6 5. d3 Nxc3 6. bxc3 Be7 7. 0-0 0-0 8. Be3 d5 9. Bb5 Qd6 10. Qd2 Bd7 11. Bxc6 Bxc6 12. d4 f6 1/2-1/2

[Event "Buenos Aires-D"]
[Site "Buenos Aires"]
[Date "2012.01.26"]
[Round "6"]
[White "Zeta, Rodrigo"]
[Black "Rojo Lynch, Enrique"]
[Result "1-0"]
[WhiteElo "1998"]
[BlackElo "1911"]
[PlyCount "73"]
[EventDate "2012.01.23"]
[EventType "tourn"]
[EventRounds "9"]
[EventCountry "ARG"]
[SourceTitle "EXT 2014"]
[Source "ChessBase"]
[SourceDate "2013.11.20"]
[SourceVersion "1"]
[SourceVersionDate "2013.11.20"]
[SourceQuality "1"]

1. e4 c5 2. c3 d5 3. exd5 Qxd5 4. d4 Nf6 5. Nf3 cxd4 6. cxd4 g6 7. Nc3 Qd8 8. Bb5+ Nbd7 9. Qb3 Bg7 10. 0-0 0-0 11. Be3 a6 12. Be2 b5 13. a4 b4 14. Qxb4 Rb8 15. Qa3 Bb7 16. b4 Nb6 17. b5 a5 18. Ne5 Rc8 19. Rfc1 e6 20. Nd1 Rxc1 21. Rxc1 Nfd5 22. Nc6 Qa8 23. Nb2 Nxe3 24. fxe3 Nd5 25. Bf3 Kh8 26. Bxd5 exd5 27. Qc5 Qe8 28. Re1 Bh6 29. Nxa5 Bxe3+ 30. Kh1 Bd2 31. Rxe8 Rxe8 32. Nd3 Bxa5 33. Ne5 f6 34. Qa7 fxe5 35. Qxa5 exd4 36. Kg1 d3 37. Qc3+ 1-0

[Event "ARG-ch sf 83rd"]
[Site "Buenos Aires"]
[Date "2008.07.26"]
[Round "7"]
[White "Alcobedo, Damian"]
[Black "Rojo Lynch, Enrique"]
[Result "0-1"]
[WhiteElo "2123"]
[BlackElo "1898"]
[PlyCount "46"]
[EventDate "2008.07.21"]
[EventType "swiss"]
[EventRounds "9"]
[EventCountry "ARG"]
[SourceTitle "CBM 125 Extra"]
[Source "ChessBase"]
[SourceDate "2008.09.01"]
[SourceVersion "1"]
[SourceVersionDate "2008.09.01"]
[SourceQuality "1"]

1. e4 e5 2. d4 exd4 3. Qxd4 Nc6 4. Qe3 f5 5. exf5+ Be7 6. Nc3 Nf6 7. Bd2 0-0 8. 0-0-0 d5 9. Qe1 Bxf5 10. f3 Nb4 11. g4 Bxc2 12. Qe6+ Kh8 13. Re1 Bd6 14. g5 Re8 15. Qh3 Rxe1+ 16. Bxe1 Bf4+ 17. Bd2 Qe7 18. Nge2 Bxd2+ 19. Kxd2 Re8 20. Nd1 Bxd1 21. gxf6 Qxf6 22. Kxd1 Qxb2 23. Ke1 Nd3+ 0-1

[Event "ARG-ch sf 83rd"]
[Site "Buenos Aires"]
[Date "2008.07.22"]
[Round "2"]
[White "Rojo Lynch, Enrique"]
[Black "Sandrone, Mauricio"]
[Result "0-1"]
[WhiteElo "1898"]
[BlackElo "2062"]
[PlyCount "44"]
[EventDate "2008.07.21"]
[EventType "swiss"]
[EventRounds "9"]
[EventCountry "ARG"]
[SourceTitle "CBM 125 Extra"]
[Source "ChessBase"]
[SourceDate "2008.09.01"]
[SourceVersion "1"]
[SourceVersionDate "2008.09.01"]
[SourceQuality "1"]

1. e4 d5 2. exd5 Qxd5 3. Nc3 Qa5 4. d4 Nf6 5. Bc4 Bg4 6. f3 Bf5 7. Nge2 e6 8. Bd2 Bb4 9. a3 Bxc3 10. Bxc3 Qb6 11. Qd2 Nc6 12. g4 Bg6 13. h4 h6 14. Nf4 Bh7 15. g5 0-0-0 16. gxf6 Nxd4 17. Bxd4 Rxd4 18. fxg7 Rhd8 19. Bd3 Qxb2 20. 0-0 Bxd3 21. Nxd3 Rxd3 22. Qg2 Rg8 0-1

[Event "Banfield FAGSBA op"]
[Site "Banfield"]
[Date "2004.??.??"]
[Round "1"]
[White "Garzon, Enrique"]
[Black "Rojo Lynch, Enrique"]
[Result "1-0"]
[WhiteElo "2068"]
[BlackElo "2011"]
[PlyCount "75"]
[EventDate "2004.04.22"]
[EventType "swiss"]
[EventRounds "7"]
[EventCountry "ARG"]
[SourceTitle "CBM 100 Extra"]
[Source "ChessBase"]
[SourceDate "2004.07.06"]
[SourceVersion "2"]
[SourceVersionDate "2004.07.06"]
[SourceQuality "1"]

1. e4 c5 2. Nf3 Nc6 3. Bb5 e6 4. 0-0 Nge7 5. c3 a6 6. Ba4 b5 7. Bc2 d5 8. a4 Bb7 9. d4 dxe4 10. Bxe4 Nd5 11. Re1 Be7 12. dxc5 0-0 13. Qd3 Nf6 14. Be3 Nxe4 15. Qxe4 Na5 16. Qc2 Qd5 17. b4 Nc4 18. Nbd2 Nxd2 19. Bxd2 Bf6 20. Be3 g5 21. Rad1 Qc6 22. Rd6 Qc7 23. Bxg5 Bg7 24. Red1 Bd5 25. a5 Qb7 26. Rb6 Qc7 27. Qd3 f6 28. Bh4 Rfd8 29. Re1 Bc6 30. Qe3 e5 31. Nd2 e4 32. Bg3 Qd7 33. Bd6 Re8 34. Nb3 Bd5 35. Nd4 Kh8 36. Qf4 Re5 37. Bxe5 fxe5 38. Qf5 1-0

[Event "Banfield FAGSBA op"]
[Site "Banfield"]
[Date "2004.??.??"]
[Round "5"]
[White "Rojo Lynch, Enrique"]
[Black "Gonzalez, Carlos Alberto"]
[Result "1-0"]
[WhiteElo "2011"]
[BlackElo "2136"]
[PlyCount "28"]
[EventDate "2004.04.22"]
[EventType "swiss"]
[EventRounds "7"]
[EventCountry "ARG"]
[SourceTitle "CBM 100 Extra"]
[Source "ChessBase"]
[SourceDate "2004.07.06"]
[SourceVersion "2"]
[SourceVersionDate "2004.07.06"]
[SourceQuality "1"]

1. e4 c5 2. Nf3 Nc6 3. d4 cxd4 4. Nxd4 Nf6 5. Nc3 e6 6. Ndb5 Bb4 7. a3 Bxc3+ 8. Nxc3 0-0 9. Be2 Qa5 10. 0-0 Qe5 11. Be3 Nxe4 12. Nxe4 Qxe4 13. Bd3 Qh4 14. f4 f5 1-0